| 000 | 00614nam a2200181 a 4500 | ||
|---|---|---|---|
| 001 | 000030876 | ||
| 005 | 20200930062550.0 | ||
| 008 | 110602nuuuuuuuudr a 000 p spa d | ||
| 040 |
_aDO-SdBNP _bspa _cBNPHU |
||
| 082 |
_axxx _bS816d |
||
| 100 | 1 |
_aStefan B., José _957408 |
|
| 245 | 1 | 0 |
_aDos por la libertad / _cJosé Stefan B. ; prólogo de Juan A. Biaggi. |
| 260 |
_a[Santo Domingo] : _bEstudio Editorial Incoco, _c[19--?]. |
||
| 300 |
_a[42] p. : _bil. ; _c21 cm. |
||
| 590 | _aPerteneció a la biblioteca personal de Juan Isidro Jimenes Grullón | ||
| 700 | 1 |
_aBiaggi, Juan A., _epról. _957409 |
|
| 049 | _aBNPD | ||
| 999 |
_c30368 _d30368 |
||